Construction Of Digital Bathmetry For The Gulf Of Maine, U.S. Geological Survey Open-File Report 98-801, 1999, (CD-ROM).

Bibliographic Details
Corporate Author: Geological Survey (U.S.)
Format: Government Document Book
Language:English
Published: [Place of publication not identified] : [publisher not identified], [1999?]

MARC

Tag First Indicator Second Indicator Subfields
LEADER 00000cam a22000007a 4500
001 in00000006683
005 20150930080008.0
008 990927s1999 xxu f000 0 eng
035 |a (OCoLC) 
035 |a tmp97229865 
035 |9 AJK7715AM 
040 |a MvI  |c MvI  |d UtOrBLW 
049 |a ROMS 
074 |a 0624-H 
086 0 |a I 19.76:98-801 
245 0 0 |a Construction Of Digital Bathmetry For The Gulf Of Maine, U.S. Geological Survey Open-File Report 98-801, 1999, (CD-ROM). 
264 1 |a [Place of publication not identified] :  |b [publisher not identified],  |c [1999?] 
336 |a text  |b txt  |2 rdacontent 
337 |a unmediated  |b n  |2 rdamedia 
338 |a volume  |b nc  |2 rdacarrier 
500 |a Shipping List #: 99-0068-E 
500 |a Shipping List Date: 09/14/99 
710 2 |a Geological Survey (U.S.) 
999 |a MARS 
999 f f |s 583ebf3c-300a-3a0f-9003-0c6110495efd  |i 1991f96c-2805-34db-8aa1-b870f0674b85  |t 0 
952 f f |p normal  |a Texas A&M University  |b College Station  |c Sterling C. Evans Library  |d Evans: US Documents CD-ROMs (Annex 5th floor)  |t 0  |e I 19.76:98-801  |h Superintendent of Documents classification  |i unmediated -- volume  |m A14826644798 
998 f f |a I 19.76:98-801  |t 0  |l Evans: US Documents CD-ROMs (Annex 5th floor)